00330nam a2200097Ia 4500008004100000245006300041245005800104260000900162650001300171856004800184171211s9999 xx 000 0 und d 4aThe Psychology of Religion and Spirituality for Clinicians cEverett Worthington Jr., Jamie Aten, and Kari O'Grady c2011 xRELIGION uhttp://down.ebook777.com/062/0415873436.pdf